Российский биотерапевтический журнал. Т. 7, № 1: Материалы Всероссийской научно-практической конференции Отечественные противоопухолевые препараты, Москва, 17-19 марта 2008 г. (Запись № 3464520)

Подробности
000 -МАРКЕР
контрольное поле 01353nam2a22002531 4500
001 - ИДЕНТИФИКАТОР ЗАПИСИ
контрольное поле RU\NLR\Per\653160
005 - ИДЕНТИФИКАТОР ВЕРСИИ
контрольное поле 20260407214551.0
035 ## - ДРУГИЕ СИСТЕМНЫЕ НОМЕРА
Идентификатор записи (NLR Aleph) 002902478
100 ## - ДАННЫЕ ОБЩЕЙ ОБРАБОТКИ
Данные общей обработки 20100125d2008 |||y0rusy50 ca
101 0# - ЯЗЫК РЕСУРСА
Язык текста, звукозаписи и т.д. русский
102 ## - СТРАНА ПУБЛИКАЦИИ ИЛИ ПРОИЗВОДСТВА
Страна публикации Российская Федерация
105 ## - ПОЛЕ КОДИРОВАННЫХ ДАННЫХ: ТЕКСТОВЫЕ МАТЕРИАЛЫ, МОНОГРАФИЧЕСКИЕ
Кодированные данные о монографическом текстовом документе y ||||000|y
200 1# - ЗАГЛАВИЕ И СВЕДЕНИЯ ОБ ОТВЕТСТВЕННОСТИ
Основное заглавие Материалы Всероссийской научно-практической конференции Отечественные противоопухолевые препараты, Москва, 17-19 марта 2008 г.
210 ## - ПУБЛИКАЦИЯ, РАСПРОСТРАНЕНИЕ И ДР.
Дата издания, распространения и т.д. 2008
Место издания, распространения и т.д. Б. м.
461 #0 - УРОВЕНЬ НАБОРА
Встроенное поле 001RU\NLR\INFOCOMM22\5000120017
-- 2001#$aРоссийский биотерапевтический журнал$eТеорет. и науч.-практ. журн.$vТ. 7, № 1
Системный номер (АБИС) связанной записи 3048951
Место публикации М.
Дата публикации 2002 -
Имя издателя, распространителя и т.д. Б.и.
Сведения, относящиеся к заглавию Теорет. и науч.-практ. журн.
Заглавие Российский биотерапевтический журнал
ISSN 1726-9784
Номер тома Т. 7, № 1
711 12 - НАИМЕНОВАНИЕ ОРГАНИЗАЦИИ - АЛЬТЕРНАТИВНАЯ ОТВЕТСТВЕННОСТЬ
Начальный элемент ввода "Отечественные противоопухолевые препараты", всероссийская научно-практическая конференция
Порядковый номер временной организации и / или порядковый номер ее части 7
Дата проведения временной организации 2008
Место проведения временной организации Москва
Идентификатор авторитетной/нормативной записи RU\NLR\AUTH\8810144300
Системный номер авторитетной/нормативной записи 783067
801 #1 - ИСТОЧНИК ЗАПИСИ
Страна Российская Федерация
Организация InfoComm
Дата составления 20050822
801 #0 - ИСТОЧНИК ЗАПИСИ
Страна Российская Федерация
Организация NLR
Правила каталогизации PSBO
852 ## - МЕСТОНАХОЖДЕНИЕ И ШИФР ХРАНЕНИЯ
Идентификатор организации NLR
Шифр хранения (Call Number) П17/929
942 ## - ДОПОЛНИТЕЛЬНЫЕ ЭЛЕМЕНТЫ ЗАПИСИ (АБИС)
Тип экземпляра АБИС Выпуск
980 ## - КОЛЛЕКЦИЯ
Название коллекции Национальная библиография
980 ## - КОЛЛЕКЦИЯ
Название коллекции Русская периодика

Нет доступных экземпляров.